000 01035nam a2200289 a 4500
001 000111405
003 CHAP
005 20220329144209.0
008 150408s2014 mx |rm |0|||||spa d
010 _a107867
011 _a108839
040 _cCHAP
090 _aTesis
100 1 _aAltamira Santiago, Rogelio
_9129262
245 1 0 _aEvaluación del extracto de Macleaya cordata en pollos de engorda desafiados con Salmonella typhimurium /
_cpor Rogelio Altamira Santiago y Alma Verónica Rocha Castillo.
260 _aUniversidad Autónoma de San Luis Potosí :
_bEl autor,
_c2014.
300 _a33 h.
502 _aTesis (Ing. Agr. Esp. en Zootecnista) -- UASLP. Facultad de Agronomía y Veterinaria
590 _aE5765TAJ
_b05
_c20150408
_lUCH01
_h0914
650 1 4 _aAves de corral
_xEfecto de Macleaya cordata.
_9129264
650 1 4 _aAves de corral
_xEnfermedades.
_98646
650 1 4 _aExtractos vegetales.
_939214
700 1 _aRocha Castillo, Alma Verónica
_9129263
901 _aBK
942 _cTESIS
942 _n0
999 _c107867
_d107867